000 00698nam a22002537a 4500
999 _c313274
_d313274
001 26937
003 UA-OsUOA
005 20200322170747.0
007 ta
008 20040611b un ||||| |||| 00| 0 ukr d
020 _a5279017566
040 _aUA-OsUOA
_brus
_cUA-OsUOA
_dUA-OsUOA
041 _arus
044 _aRU
080 _a658:336(075.8)
090 _a658:336(075.8)
_bБ20
100 _aБалабанов И. Т.
245 _aОсновы финансового менеджмента
_bучеб. пособ.
260 _aМосква
_bФинансы и статистика
_c1997
300 _a480 с.
_bІлюстрації
650 7 _2UDC
942 _cBK
_2udc
955 _a0